Murach's visual basic 6 (Record no. 212955)

MARC details
000 -LEADER
fixed length control field 00414nam a2200157Ia 4500
008 - FIXED-LENGTH DATA ELEMENTS--GENERAL INFORMATION
fixed length control field 231221s9999 xx 000 0 und d
020 ## - INTERNATIONAL STANDARD BOOK NUMBER
International Standard Book Number 8176561398
041 ## - LANGUAGE CODE
Language code of text/sound track or separate title English
082 ## - DEWEY DECIMAL CLASSIFICATION NUMBER
Classification number 001.6424BAS KOO;1 R
100 ## - MAIN ENTRY--PERSONAL NAME
Personal name Koop, Ed. Prince, Anne. Murach, Joel.
245 #0 - TITLE STATEMENT
Title Murach's visual basic 6
260 ## - PUBLICATION, DISTRIBUTION, ETC.
Date of publication, distribution, etc. 1999
Name of publisher, distributor, etc. BPB
Place of publication, distribution, etc. New Delhi
300 ## - PHYSICAL DESCRIPTION
Extent xvi, 617
650 ## - SUBJECT ADDED ENTRY--TOPICAL TERM
Topical term or geographic name entry element Murach's,visual,basic,6
942 ## - ADDED ENTRY ELEMENTS (KOHA)
Koha item type College Library
Holdings
Date last seen Total checkouts Full call number Accession number Price effective from Category Lost status Damaged status Department Withdrawn status Home library Current library Shelving location Entry date Grants Billdate Currency symbol Conversion rate Discount Old discount
26/01/2024   001.6424BAS KOO;1 R BC557 26/01/2024 College Library     BCA   Central Library Central Library BCA   DONATED 17/06/2016 RS 1    

© For any Suggestions or Query, please contact the library staff @ librarian@pes.edu or Phone: +9180 2672 1983/ 2108.